000 00374nam a22001577a 4500
999 _c9192
_d9192
003 OSt
008 201119b ||||| |||| 00| 0 eng d
020 _a9789387620766
100 _aAggerwal, O.P
245 _aOrganic Chemistry Reaction & Reagants
250 _aRep
260 _aNew Delhi
_bKritika
_c2020
300 _a987
650 _aB.Sc Non Medical
942 _2ddc
_cBK